01516nam a2200349 a 4500001001000000003000900010005001700019007000300036008004100039040003000080041000800110082001900118100004900137245010800186264003800294300004400332336002700376337003300403338002800436490001600464500006200480586004600542590002600588700003900614830002300653910000700676942001300683952010500696952011100801952023700912999001701149000045568DO-SdBNP20250128100526.0ta150415s2004 dr a 000 0 spa d aDO-SdBNPbspacBNPHUerda hspa axxxbM379m2221 aMartín Gómez, Luis,d1962-eautor92317610aMamá aquella caracola le está naciendo un mar. /cLuis Martín Gómez; ilustraciones Julio Matos. aSanto Domingo :bNacional,c2004. a21 páginas :bilustraciones ;c17 cm. ardacontentbtexto2txt ardamediabsin mediación2n ardacarrierbvolumen2nc1 aLos premios aIncluye datos biografícos del autor en la contraportada aPremio anual de literatura infantil, 2003 aInventariado, 2025/DG1 aMatos, Julioeilustraciones973627 0aLos premios924283 aDG 2ddccLF2 0010718PDaPDbPDcHDd2015-04-15iLF1l0o p45568-10r2020-06-25w2020-06-25yLFPDZNo se presta 0010718PDaPDbPDcHDd2015-04-29iLF1l0o p45568-20r2020-06-25te. 2w2020-06-25yLFPDZNo se presta 00102ddc56708DSaBNPHUbBNPHUcCTd2025-01-28eDonado por la Presidencia de la República Dominicana 2023l0oBNPHU DS M379mp2025-0542r2025-01-28te.3w2025-01-28yLF2zPertenecio a la biblioteca de René Rodríguez Soriano c45057d45057